000 00285nam a22001337a 4500
008 170203b xxu||||| |||| 00| 0 eng d
020 _a0495554464
041 _aeng
080 _28TH
_a61
100 _a3
101 _aSHM
245 _aHUMAN HEREDITY
_cCUMMINGS, M.R
942 _2udc
_cBK
999 _c4481
_d4481